000 00290nam a22001337a 4500
008 170920b xxu||||| |||| 00| 0 eng d
020 _a0112903967
041 _aeng
080 _a7
100 _a45
101 _aART
245 _aILLUMINATED MANUSCRIPTS
_cHARTHAN.J
942 _2udc
_cBK
999 _c28379
_d28379